| 000 | 01030nam a2200229Ii 4500 | ||
|---|---|---|---|
| 003 | JO-AjNU | ||
| 008 | 230605s9999||||xx |||||||||||||| ||und|| | ||
| 017 | _a2009/10092 | ||
| 020 | _a977-5125-33-3 | ||
| 040 |
_aJO-AjNU _bara _erda _cJO-AjNU |
||
| 041 | _aara | ||
| 050 | 1 | 4 | _aKRM920.2009 |
| 100 | 3 |
_aالرافعى ، اميرة حسن, _eauthor _932845 |
|
| 245 | 0 | 0 | _aموسوعة التشريعات الاقتصادية العربية : المحاكم الاقتصادية ، قوانين وتشريعات - قوانين حماية المستهلك |
| 264 | 3 | 1 | _aالاسكندرية : المكتب الجامعي الحديث ، 2009 |
| 300 | _a601ص | ||
| 336 |
_atext _btxt _2rdacontent |
||
| 337 |
_aunmediated _bn _2rdamedia |
||
| 338 |
_avolume _bnc _2rdacarrier |
||
| 490 | 0 | _aموسوعة التشريعات الاقتصادية العربية | |
| 650 | 4 |
_aالاقتصاد -- قوانين وتشريعات -- مصر-- المحاكم التجارية -- مصر-- القانون التجاري -- مصر _932846 |
|
| 999 |
_aA13306 _c16874 _d16874 |
||